La apertura comercial en Costa Rica /
En este artículo se analizan los diferentes modelos de desarrollo implementados en Costa Rica a partir de 1970, cuyo objetivo ha sido el generar un desarrollo hacia afuera, basado en un fuerte impulso a las exportaciones y a la búsqueda de nuevos mercados. Según el autor, todas estas medidas han des...
Guardado en:
| Hovedforfatter: | |
|---|---|
| Format: | Texto |
| Fag: | |
| Tags: |
Tilføj Tag
Ingen Tags, Vær først til at tagge denne postø!
|
MARC
| LEADER | 00000 a a2200000 04500 | ||
|---|---|---|---|
| 001 | 42266 | ||
| 003 | |||
| 040 | |||
| 100 | |a Bustos Alvarado, Alexis | ||
| 245 | |a La apertura comercial en Costa Rica / |c Alexis Bustos Alvarado | ||
| 520 | |a En este artículo se analizan los diferentes modelos de desarrollo implementados en Costa Rica a partir de 1970, cuyo objetivo ha sido el generar un desarrollo hacia afuera, basado en un fuerte impulso a las exportaciones y a la búsqueda de nuevos mercados. Según el autor, todas estas medidas han desembocado en un proceso de apertura comercial que ha quedado plasmado en la negociación y firma de tratados de libre comercio, como un mecanismo de ampliación del mercado que acelere el desarrollo económico del país. | ||
| 590 | |a RRH/MAYO2012 | ||
| 650 | |a LIBERALIZACION DEL INTERCAMBIO | ||
| 650 | |a TRATADOS | ||
| 650 | |a COMERCIO INTERNACIONAL | ||
| 650 | |a PROMOCION DE LAS EXPORTACIONES | ||
| 650 | |a INVERSIONES EXTRANJERAS | ||
| 650 | |a DESARROLLO ECONOMICO | ||
| 773 | |g volumen28, número2 (2010), páginas 215-248 : tablas, gráficos | ||
| 999 | |c 24052 |d 24052 | ||
